Signal analysis: Wavelets, filter banks, time-frequency transforms and applications

Guardat en:
Dades bibliogràfiques
Autor principal: Alfred Mertins
Format: Llibre
Idioma:Undetermined
Publicat: Chichester, Eng. John Wiley and Sons 1999
Matèries:
Etiquetes: Afegir etiqueta
Sense etiquetes, Sigues el primer a etiquetar aquest registre!
Thư viện lưu trữ: Trung tâm Học liệu Trường Đại học Cần Thơ
LEADER 00618nam a2200193Ia 4500
001 CTU_56373
008 210402s9999 xx 000 0 und d
082 |a 621.3822 
082 |b M575 
100 |a Alfred Mertins 
245 0 |a Signal analysis: Wavelets, filter banks, time-frequency transforms and applications 
245 0 |c Alfred Mertins 
260 |a Chichester, Eng. 
260 |b John Wiley and Sons 
260 |c 1999 
650 |a signal processing,wavelets ( mathematics ),time-series analysis 
650 |x digital techniques 
904 |i Minh 
980 |a Trung tâm Học liệu Trường Đại học Cần Thơ